Statistics for Top thirteen European countries with most land area and population

Click here to take the quiz!

General Stats

  • This quiz has been taken 1,061 times
  • The average score is 25 of 26

Answer Stats

HintAnswer% Correct
64,231,000United Kingdom
100%
244,820United kingdom
100%
547,030France
99%
63,702,000France
99%
81,840,000Germany
99%
357,050Germany
99%
61,789,000Italy
99%
301,318Italy
99%
505,992Spain
99%
46,958,000Spain
99%
338,145Finland
98%
385,155Norway
98%
312,685Poland
98%
38,548,000Poland
98%
449,964Sweden
98%
45,461,000Ukraine
97%
603,700Ukraine
97%
10,758,000Greece
96%
131,940Greece
96%
10,609,000Portugal
95%
238,392Romania
95%
19,858,000Romania
95%
16,795,000Netherlands
93%
11,162,000Belgium
90%
207,600Belarus
89%
10,519,000Czech Republic
89%

Score Distribution

Percentile by Number Answered

Percent of People with Each Score

Your Score History

You have not taken this quiz